| 000 | 00467nam a2200193Ia 4500 | ||
|---|---|---|---|
| 003 | OSt | ||
| 005 | 20250826141522.0 | ||
| 008 | 250729s2005 xx 000 0 und d | ||
| 020 | _a9788171082124 | ||
| 040 | _cAL | ||
| 041 | _aeng | ||
| 082 | _a425.1 REGE | ||
| 100 |
_aRogo A G _9222215 |
||
| 245 | _aEnglish composition two thomas | ||
| 260 |
_aMumbai _bBetter Yourself Publication _c2005 |
||
| 300 | _a182p | ||
| 650 |
_aEnglish _9222216 |
||
| 942 |
_2ddc _cBED |
||
| 999 |
_c235355 _d235355 |
||